[Event "BIH-chT 29th"]
[Site "Bihac"]
[Date "2022.08.28"]
[Round "9.5"]
[White "Babic, Masa"]
[Black "Patkovic, Vahdet"]
[Result "1-0"]
[WhiteElo "2038"]
[BlackElo "2057"]
[PlyCount "99"]
[EventDate "2022.08.23"]
[EventType "tourn"]
[EventRounds "9"]
[EventCountry "BIH"]
[SourceTitle "CBM 210 Extra"]
[Source "ChessBase"]
[SourceDate "2022.11.30"]
[SourceVersion "1"]
[SourceVersionDate "2022.11.30"]
[SourceQuality "1"]

1. Nf3 g6 2. g3 Bg7 3. d4 d6 4. Bg2 Nf6 5. 0-0 0-0 6. c4 c6 7. Nc3 Qc7 8. Qc2 e5 9. e4 a6 10. a4 b6 11. h3 Bb7 12. Be3 Nbd7 13. Rac1 Rac8 14. Qb1 Rfe8 15. Rfe1 Nh5 16. d5 c5 17. Nd2 Rf8 18. Bf3 Nhf6 19. Bg2 Rb8 20. Rf1 Nh5 21. Bf3 Nhf6 22. Bg2 Bc8 23. Qc2 Nh5 24. Bf3 Ndf6 25. Kg2 Qd7 26. Rh1 Qe8 27. Ne2 Bh8 28. Bg5 b5 29. g4 Nf4+ 30. Nxf4 exf4 31. Bxf4 Qe7 32. axb5 axb5 33. cxb5 Bd7 34. Nc4 Ne8 35. Rhe1 f6 36. Nxd6 Nxd6 37. Qxc5 Nf5 38. exf5 Qxc5 39. Rxc5 Rxb5 40. Rc7 Bc8 41. d6 Rd8 42. Be2 Rb4 43. Bc4+ Rxc4 44. Rxc4 gxf5 45. gxf5 Bxf5 46. Rc5 Bg6 47. Rd1 Bg7 48. d7 Bf8 49. Rc8 Be7 50. Bc7 1-0

[Event "BIH-chT 29th"]
[Site "Bihac"]
[Date "2022.08.25"]
[Round "5.5"]
[White "Babic, Masa"]
[Black "Obuca, Bajro"]
[Result "1/2-1/2"]
[WhiteElo "2038"]
[BlackElo "2008"]
[PlyCount "140"]
[EventDate "2022.08.23"]
[EventType "tourn"]
[EventRounds "9"]
[EventCountry "BIH"]
[SourceTitle "CBM 210 Extra"]
[Source "ChessBase"]
[SourceDate "2022.11.30"]
[SourceVersion "1"]
[SourceVersionDate "2022.11.30"]
[SourceQuality "1"]

1. Nf3 Nf6 2. g3 g6 3. Bg2 Bg7 4. 0-0 0-0 5. d4 d5 6. c4 c6 7. b3 Nbd7 8. Bb2 e6 9. Nbd2 b6 10. Rc1 Bb7 11. e3 Re8 12. Qe2 Qe7 13. Rfd1 Rac8 14. h3 h6 15. Re1 Kh7 16. Kh2 Ne4 17. Ne5 Nxd2 18. Qxd2 Nxe5 19. dxe5 Red8 20. Qe2 c5 21. Red1 dxc4 22. Qxc4 Bxg2 23. Kxg2 Qb7+ 24. Kg1 Qf3 25. Qg4 Qxg4 26. hxg4 Kg8 27. Kg2 Kf8 28. f4 Ke8 29. Kf3 Rxd1 30. Rxd1 Rd8 31. Rxd8+ Kxd8 32. Ke4 Kd7 33. Kd3 Kc6 34. e4 Bf8 35. Bc3 Be7 36. Bb2 Bd8 37. Bc3 b5 38. Bd2 Bb6 39. Be1 Kb7 40. a3 Ka6 41. Bd2 Ba5 42. Be3 Bb6 43. Bd2 Kb7 44. Be1 Kc6 45. Bd2 a6 46. Be1 Ba7 47. Bd2 c4+ 48. bxc4 bxc4+ 49. Kxc4 Bf2 50. a4 Bxg3 51. Kd3 h5 52. gxh5 gxh5 53. Ke3 h4 54. Kf3 Kc5 55. Be3+ Kc4 56. Bd2 Kb3 57. a5 Kc4 58. Be3 Be1 59. Bb6 Kb5 60. Kg4 Bxa5 61. Bxa5 Kxa5 62. Kxh4 Kb6 63. Kg5 a5 64. Kf6 a4 65. Kxf7 a3 66. f5 a2 67. fxe6 a1Q 68. e7 Qxe5 69. e8Q Qxe8+ 70. Kxe8 Kc5 1/2-1/2

[Event "BIH-chT 29th"]
[Site "Bihac"]
[Date "2022.08.24"]
[Round "3.5"]
[White "Komic, Ibrahim"]
[Black "Babic, Masa"]
[Result "1/2-1/2"]
[WhiteElo "2199"]
[BlackElo "2038"]
[PlyCount "49"]
[EventDate "2022.08.23"]
[EventType "tourn"]
[EventRounds "9"]
[EventCountry "BIH"]
[SourceTitle "CBM 210 Extra"]
[Source "ChessBase"]
[SourceDate "2022.11.30"]
[SourceVersion "1"]
[SourceVersionDate "2022.11.30"]
[SourceQuality "1"]

1. Nf3 Nf6 2. g3 d6 3. d4 Nbd7 4. Bg2 c6 5. c4 e5 6. Nc3 Be7 7. e4 0-0 8. 0-0 a6 9. Qc2 b5 10. Rd1 Qc7 11. h3 Re8 12. c5 Bb7 13. cxd6 Bxd6 14. dxe5 Bxe5 15. Nxe5 Qxe5 16. f4 Qc5+ 17. Qf2 Qxf2+ 18. Kxf2 Re7 19. e5 Ne8 20. Ne4 Nf8 21. Nc5 Rc8 22. Be3 f6 23. Bd4 Ne6 24. exf6 Nxf6 25. Be3 1/2-1/2

[Event "BIH-chT (Women) 18th"]
[Site "Neum"]
[Date "2021.09.17"]
[Round "1.2"]
[White "Tomic, Milanka"]
[Black "Babic, Masa"]
[Result "1/2-1/2"]
[WhiteElo "1848"]
[BlackElo "1885"]
[PlyCount "76"]
[EventDate "2021.09.17"]
[EventType "team-tourn"]
[EventRounds "3"]
[EventCountry "BIH"]
[SourceTitle "EXT 2023"]
[Source "ChessBase"]
[SourceDate "2022.10.05"]
[SourceVersion "1"]
[SourceVersionDate "2022.10.05"]
[SourceQuality "1"]
[WhiteTeam "Zenica Napredak (W)"]
[BlackTeam "Gracanica (W)"]
[WhiteTeamCountry "BIH"]
[BlackTeamCountry "BIH"]

1. d4 Nf6 2. c4 d6 3. Nf3 Nbd7 4. Nc3 e5 5. e4 c6 6. Bg5 Be7 7. Be2 0-0 8. 0-0 h6 9. Be3 Qc7 10. h3 Re8 11. d5 a6 12. a4 a5 13. Nh2 Bf8 14. Ng4 Nxg4 15. Bxg4 Nf6 16. Bxc8 Raxc8 17. Qf3 Qe7 18. g4 Nh7 19. Qg3 Qf6 20. Kg2 Be7 21. Rad1 Qg6 22. Bb6 Bd8 23. Be3 Bg5 24. Bxg5 Nxg5 25. f3 Qf6 26. h4 Nh7 27. f4 exf4 28. Rxf4 Qe5 29. Rf5 Qxg3+ 30. Kxg3 Nf6 31. dxc6 Rxc6 32. Rd4 b5 33. g5 hxg5 34. hxg5 Nd7 35. Nxb5 Rc5 36. Rxc5 Nxc5 37. Nc3 Kf8 38. Kf4 Ke7 1/2-1/2

[Event "BIH-chT1A 28th"]
[Site "Mostar"]
[Date "2021.08.09"]
[Round "6.4"]
[White "Hutinovic, Halim"]
[Black "Babic, Masa"]
[Result "1/2-1/2"]
[WhiteElo "2051"]
[BlackElo "1857"]
[PlyCount "54"]
[EventDate "2021.08.06"]
[EventType "team-tourn"]
[EventRounds "9"]
[EventCountry "BIH"]
[SourceTitle "CBM 203 Extra"]
[Source "ChessBase"]
[SourceDate "2021.09.30"]
[SourceVersion "1"]
[SourceVersionDate "2021.09.30"]
[SourceQuality "1"]
[WhiteTeam "Cazin Ljiljan"]
[BlackTeam "Gracanica"]
[WhiteTeamCountry "BIH"]
[BlackTeamCountry "BIH"]

1. Nf3 Nf6 2. c4 d6 3. d4 Nbd7 4. Nc3 e5 5. Bg5 Be7 6. e3 c6 7. Qc2 Qc7 8. Bd3 h6 9. Bh4 0-0 10. 0-0 Re8 11. h3 a6 12. a4 a5 13. Bg3 Bf8 14. c5 Qd8 15. cxd6 Bxd6 16. Rfd1 Qc7 17. Bc4 exd4 18. Bxd6 Qxd6 19. Nxd4 Qc5 20. Bb3 Qg5 21. Kf1 Nc5 22. Ba2 Be6 23. Bxe6 Nxe6 24. Nce2 Nxd4 25. Rxd4 Nd5 26. Ra3 Rad8 27. Kg1 Nb4 1/2-1/2

[Event "BIH-chT1A 28th"]
[Site "Mostar"]
[Date "2021.08.06"]
[Round "1.2"]
[White "Sestic, Nermin"]
[Black "Babic, Masa"]
[Result "1/2-1/2"]
[WhiteElo "2114"]
[BlackElo "1857"]
[PlyCount "97"]
[EventDate "2021.08.06"]
[EventType "team-tourn"]
[EventRounds "9"]
[EventCountry "BIH"]
[SourceTitle "CBM 203 Extra"]
[Source "ChessBase"]
[SourceDate "2021.09.30"]
[SourceVersion "1"]
[SourceVersionDate "2021.09.30"]
[SourceQuality "1"]
[WhiteTeam "Zenica Celik"]
[BlackTeam "Gracanica"]
[WhiteTeamCountry "BIH"]
[BlackTeamCountry "BIH"]

1. d4 Nf6 2. Nf3 d6 3. e3 Nbd7 4. Be2 c6 5. 0-0 e5 6. c4 Be7 7. b3 Qc7 8. Nc3 0-0 9. Qc2 Re8 10. Bb2 a6 11. Rac1 b5 12. cxb5 cxb5 13. Nd5 Qxc2 14. Nxe7+ Rxe7 15. Rxc2 Nd5 16. Rfc1 Bb7 17. a3 Ree8 18. Nd2 f5 19. a4 bxa4 20. bxa4 exd4 21. Bxd4 Ne5 22. Rb2 Bc8 23. f4 Nf7 24. Bf3 Be6 25. Rbc2 Rab8 26. Rc6 Nb4 27. Rb6 Rxb6 28. Bxb6 Rc8 29. Rxc8+ Bxc8 30. Ba5 Nc2 31. Kf2 Bd7 32. Bb7 Bxa4 33. Bxa6 Kf8 34. Nc4 Ke7 35. Bc3 g6 36. Ke2 Nd8 37. Nb2 Bb3 38. Bb5 Na3 39. Bd3 Nc6 40. Kd2 Ke6 41. h3 Kd5 42. g4 Nc4+ 43. Ke2 Nxb2 44. Bxb2 Bc4 45. Bc3 Ne7 46. Bb4 Nc8 47. Ba5 Ne7 48. Kd2 Bxd3 49. Kxd3 1/2-1/2

[Event "Wch-ch U12 Girls rapid"]
[Site "Minsk"]
[Date "2019.08.17"]
[Round "9"]
[White "Babic, Masa"]
[Black "Babic, Milana"]
[Result "1-0"]
[WhiteElo "1861"]
[BlackElo "1867"]
[PlyCount "109"]
[EventDate "2019.08.16"]
[EventType "swiss (rapid)"]
[EventRounds "9"]
[EventCountry "BLR"]
[SourceTitle "EXT 2020"]
[Source "ChessBase"]
[SourceDate "2019.10.17"]
[SourceVersion "1"]
[SourceVersionDate "2019.10.17"]
[SourceQuality "1"]

1. e4 e5 2. Nf3 Nc6 3. Nc3 Nf6 4. Be2 Bb4 5. 0-0 0-0 6. a3 Bc5 7. b4 Bb6 8. b5 Nd4 9. Nxe5 Nxe2+ 10. Qxe2 c6 11. bxc6 dxc6 12. Nc4 Re8 13. Nxb6 axb6 14. d3 Bd7 15. Bg5 h6 16. Bh4 g5 17. Bg3 Qe7 18. f4 gxf4 19. Rxf4 Bg4 20. Rxg4+ Nxg4 21. Qxg4+ Kh8 22. Qh4 Qxh4 23. Bxh4 Kg7 24. a4 c5 25. Nd5 Ra6 26. Nc7 Rea8 27. Nxa6 bxa6 28. Rb1 Rb8 29. c4 a5 30. Bg3 Rb7 31. Be5+ f6 32. Bd6 Rd7 33. Rxb6 Kg6 34. e5 fxe5 35. Bxe5+ Kf5 36. Bd6 h5 37. g3 h4 38. Bxc5 Rxd3 39. Bf2 hxg3 40. hxg3 Rc3 41. c5 Rc4 42. c6 Rxa4 43. Rb5+ Ke6 44. c7 Kd7 45. Bb6 Ra1+ 46. Kg2 Ra2+ 47. Kf3 Ra3+ 48. Kg4 Ra4+ 49. Kh3 Rc4 50. Bxa5 Rc6 51. g4 Kc8 52. Rb8+ Kd7 53. Rd8+ Ke7 54. c8Q Rxc8 55. Rxc8 1-0

[Event "Wch-ch U12 Girls rapid"]
[Site "Minsk"]
[Date "2019.08.17"]
[Round "7"]
[White "Babic, Masa"]
[Black "Ivanytska, Liudmyla"]
[Result "1-0"]
[WhiteElo "1861"]
[BlackElo "1759"]
[PlyCount "140"]
[EventDate "2019.08.16"]
[EventType "swiss (rapid)"]
[EventRounds "9"]
[EventCountry "BLR"]
[SourceTitle "EXT 2020"]
[Source "ChessBase"]
[SourceDate "2019.10.17"]
[SourceVersion "1"]
[SourceVersionDate "2019.10.17"]
[SourceQuality "1"]

1. Nf3 d5 2. g3 c5 3. Bg2 e6 4. 0-0 Nf6 5. c4 Be7 6. cxd5 exd5 7. d4 b6 8. b3 Be6 9. Bb2 Nbd7 10. Nc3 0-0 11. Ne5 Rc8 12. Qd3 cxd4 13. Qxd4 Bc5 14. Qf4 Nxe5 15. Qxe5 Ng4 16. Qf4 Bd6 17. Qd2 Bb4 18. a3 d4 19. axb4 dxc3 20. Bxc3 Qxd2 21. Bxd2 Rc2 22. Bf4 Bxb3 23. Rxa7 Bc4 24. Be4 Rb2 25. Bf3 Bxe2 26. Bxe2 Rxe2 27. Rb7 Re6 28. Rd1 h6 29. h3 Nf6 30. Rd6 Re1+ 31. Kg2 Re2 32. Be3 Re8 33. Kf3 Rb2 34. Rbxb6 Rb3 35. Rd4 Kh7 36. Rb7 Kg8 37. Rd6 Rb2 38. g4 Ne4 39. Rd4 Nf6 40. Rf4 Rb3 41. h4 Rf8 42. g5 hxg5 43. hxg5 Nd5 44. Rd4 Nxe3 45. fxe3 Re8 46. Re4 Rf8 47. Ree7 Rb1 48. b5 Rf1+ 49. Ke2 Rg1 50. b6 Rxg5 51. Rbc7 Rg2+ 52. Kd3 Rb2 53. b7 Kh7 54. Re5 Kg6 55. Rc8 Rb3+ 56. Ke2 Rb2+ 57. Kf3 f6 58. Rxf8 Rxb7 59. Re4 f5 60. Rf4 Rb5 61. e4 Rb3+ 62. Kg2 Rb2+ 63. Kg3 Rb3+ 64. Rf3 Rxf3+ 65. Kxf3 fxe4+ 66. Kxe4 Kg5 67. Kf3 Kh4 68. Rh8+ Kg5 69. Rh5+ Kf6 70. Rg5 Ke7 1-0

[Event "Wch-ch U12 Girls rapid"]
[Site "Minsk"]
[Date "2019.08.17"]
[Round "6"]
[White "Misiuk, Monika"]
[Black "Babic, Masa"]
[Result "0-1"]
[WhiteElo "1499"]
[BlackElo "1861"]
[PlyCount "112"]
[EventDate "2019.08.16"]
[EventType "swiss (rapid)"]
[EventRounds "9"]
[EventCountry "BLR"]
[SourceTitle "EXT 2020"]
[Source "ChessBase"]
[SourceDate "2019.10.17"]
[SourceVersion "1"]
[SourceVersionDate "2019.10.17"]
[SourceQuality "1"]

1. d4 Nf6 2. c4 d6 3. Nc3 Nbd7 4. Bg5 c6 5. Nf3 e5 6. e3 Be7 7. Be2 0-0 8. 0-0 a6 9. dxe5 dxe5 10. a4 Qc7 11. Qc2 a5 12. Rfd1 Nc5 13. Bxf6 Bxf6 14. Ne4 Nxe4 15. Qxe4 g6 16. Qc2 Be6 17. Rd2 Rac8 18. Rad1 Qb6 19. b3 Qb4 20. Qb1 Bf5 21. e4 Be6 22. h3 Qb6 23. Qc2 Rfe8 24. Qc3 Bg7 25. Rd6 Bf8 26. R6d3 Bb4 27. Qc2 Bc5 28. Bf1 f5 29. R3d2 fxe4 30. Qxe4 Bf5 31. Qh4 Be7 32. Ng5 Bxg5 33. Qxg5 Qxb3 34. Bd3 Bxd3 35. Rxd3 Qxc4 36. Rd7 Qe6 37. Qh6 Re7 38. Rd8+ Rxd8 39. Rxd8+ Re8 40. Qg5 Kf7 41. Rxe8 Qxe8 42. Qh4 Kg7 43. Qe4 Qe6 44. Kh2 b5 45. g3 b4 46. Qd3 Qd5 47. Qa6 b3 48. Qa7+ Kf6 49. Qxh7 b2 50. Qh8+ Ke6 51. Qe8+ Kd6 52. Qd8+ Kc5 53. Qxa5+ Kc4 54. Qe1 Kb3 55. Qe3+ Ka2 56. Qe2 Ka1 0-1

[Event "Wch-ch U12 Girls rapid"]
[Site "Minsk"]
[Date "2019.08.16"]
[Round "4"]
[White "Babic, Masa"]
[Black "Mikheeva, Galina"]
[Result "1-0"]
[WhiteElo "1861"]
[BlackElo "1638"]
[PlyCount "85"]
[EventDate "2019.08.16"]
[EventType "swiss (rapid)"]
[EventRounds "9"]
[EventCountry "BLR"]
[SourceTitle "EXT 2020"]
[Source "ChessBase"]
[SourceDate "2019.10.17"]
[SourceVersion "1"]
[SourceVersionDate "2019.10.17"]
[SourceQuality "1"]

1. Nf3 f5 2. d4 Nf6 3. g3 g6 4. Bg2 Bg7 5. c4 0-0 6. 0-0 d6 7. Nc3 c6 8. b3 Qa5 9. Bb2 e5 10. dxe5 dxe5 11. Qc2 Nbd7 12. Rfd1 e4 13. Nd4 Ne5 14. a3 Qc7 15. Rac1 Re8 16. Ba1 Be6 17. Nxe6 Rxe6 18. Na4 b6 19. Nc3 Ree8 20. h3 Rad8 21. Kh1 Nf7 22. Na4 h6 23. b4 Kh7 24. c5 b5 25. Nc3 Ne5 26. a4 a6 27. Qa2 Nc4 28. Bb2 Rxd1+ 29. Rxd1 Nxb2 30. Qxb2 Rd8 31. Rxd8 Qxd8 32. Qc2 Nd5 33. Nxd5 Qxd5 34. axb5 axb5 35. g4 Qd4 36. gxf5 gxf5 37. f3 Qxb4 38. fxe4 Bc3 39. exf5 Qxc5 40. f6+ Kh8 41. Qg6 Qf8 42. Be4 Qg8 43. Qxh6+ 1-0

[Event "EU School-ch U09 Girls"]
[Site "Budva"]
[Date "2017.06.14"]
[Round "4"]
[White "Babic, Masa"]
[Black "Zavivaeva, Evelina"]
[Result "0-1"]
[WhiteElo "1631"]
[BlackElo "1338"]
[PlyCount "110"]
[EventDate "2017.06.11"]
[EventType "swiss"]
[EventRounds "9"]
[EventCountry "MNE"]
[SourceTitle "EXT 2024"]
[Source "ChessBase"]
[SourceDate "2023.10.10"]
[SourceVersion "1"]
[SourceVersionDate "2023.10.10"]
[SourceQuality "1"]

1. e4 e6 2. d4 d5 3. exd5 exd5 4. Nf3 Bd6 5. Nc3 Ne7 6. Be2 Nbc6 7. 0-0 Bf5 8. a3 0-0 9. Nb5 a6 10. Nxd6 Qxd6 11. Nh4 Qf6 12. Nf3 h6 13. Re1 Be4 14. Be3 Nf5 15. Qd2 Nxe3 16. fxe3 Qg6 17. c3 Rfe8 18. Rad1 Na5 19. Bd3 Nc4 20. Qe2 Bxd3 21. Rxd3 Nxb2 22. Ne5 Rxe5 23. Qxb2 Qxd3 24. dxe5 Qb5 25. Qc2 Re8 26. Qf5 Re6 27. Rf1 Qe8 28. Qd3 Rxe5 29. Re1 Qa4 30. Qd4 Qxd4 31. cxd4 Re6 32. Kf2 Kf8 33. Rc1 Rc6 34. Rxc6 bxc6 35. Ke2 Ke7 36. Kd3 Kd6 37. g4 c5 38. h3 c4+ 39. Kc3 Ke6 40. e4 c6 41. e5 f6 42. exf6 Kxf6 43. a4 a5 44. h4 g6 45. Kc2 h5 46. gxh5 gxh5 47. Kc3 Kf5 48. Kc2 Kg4 49. Kc3 Kxh4 50. Kc2 Kg3 51. Kc3 h4 52. Kc2 h3 53. Kc3 h2 54. Kc2 h1Q 55. Kc3 Qc1# 0-1

[Event "EU School-ch U09 Girls"]
[Site "Budva"]
[Date "2017.06.12"]
[Round "2.1"]
[White "Babic, Masa"]
[Black "Yildiz, Elif Zeren"]
[Result "1-0"]
[WhiteElo "1631"]
[BlackElo "1204"]
[PlyCount "143"]
[EventDate "2017.06.11"]
[EventType "swiss"]
[EventRounds "9"]
[EventCountry "MNE"]
[SourceTitle "EXT 2024"]
[Source "ChessBase"]
[SourceDate "2023.10.10"]
[SourceVersion "1"]
[SourceVersionDate "2023.10.10"]
[SourceQuality "1"]

1. e4 d5 2. exd5 Nf6 3. Nf3 Bg4 4. Be2 Qxd5 5. Nc3 Qh5 6. 0-0 Nc6 7. Re1 0-0-0 8. d3 e5 9. Bd2 Bc5 10. a3 a6 11. b4 Ba7 12. Rb1 Bxf3 13. Bxf3 Qh4 14. g3 Qd4 15. Qe2 e4 16. Nxe4 Rhe8 17. Be3 Qe5 18. Nxf6 Qxf6 19. Bxc6 Qxc6 20. Qg4+ Kb8 21. Bxa7+ Kxa7 22. Rxe8 Rxe8 23. Qc4 Qf6 24. Qxc7 Re2 25. Rf1 h5 26. Qc5+ Ka8 27. c4 h4 28. Qh5 Rd2 29. Qxh4 Qxh4 30. gxh4 Rxd3 31. Ra1 Rd4 32. c5 Rxh4 33. Rb1 Rh3 34. Ra1 Kb8 35. Kg2 Rd3 36. f3 Kc7 37. Kf2 Kc6 38. Ke2 Rc3 39. f4 Rc2+ 40. Kf3 Rxh2 41. Rd1 Rh3+ 42. Ke4 Rxa3 43. Rd6+ Kc7 44. Rb6 Rh3 45. Ke5 Rh5+ 46. Ke4 a5 47. Rb5 axb4 48. Rxb4 Rxc5 49. f5 Kc6 50. Kf4 f6 51. Re4 Re5 52. Rc4+ Kd6 53. Rd4+ Rd5 54. Rb4 b5 55. Ke4 Kc5 56. Rxb5+ Kxb5 57. Kxd5 Kb6 58. Ke6 Kc6 59. Kf7 Kd7 60. Kxg7 Ke7 61. Kg6 Ke8 62. Kxf6 Kf8 63. Ke6 Ke8 64. f6 Kf8 65. f7 Kg7 66. Ke7 Kg6 67. f8Q Kg5 68. Qf6+ Kg4 69. Ke6 Kg3 70. Qf5 Kg2 71. Qf4 Kg1 72. Qf3 1-0

[Event "EU School-ch U09 Girls"]
[Site "Budva"]
[Date "2017.06.11"]
[Round "1"]
[White "Kudryavtseva, Lidiya"]
[Black "Babic, Masa"]
[Result "0-1"]
[WhiteElo "1156"]
[BlackElo "1631"]
[PlyCount "95"]
[EventDate "2017.06.11"]
[EventType "swiss"]
[EventRounds "9"]
[EventCountry "MNE"]
[SourceTitle "EXT 2024"]
[Source "ChessBase"]
[SourceDate "2023.10.10"]
[SourceVersion "1"]
[SourceVersionDate "2023.10.10"]
[SourceQuality "1"]

1. Nf3 Nc6 2. c4 e5 3. Nc3 Nf6 4. d4 exd4 5. Nxd4 Nxd4 6. Qxd4 d6 7. Bf4 Be7 8. e3 Be6 9. Be2 0-0 10. 0-0 Qd7 11. e4 Bg4 12. h3 Bxe2 13. Nxe2 Qc6 14. e5 dxe5 15. Qxe5 Bd6 16. Qd4 Bc5 17. Qd3 Rad8 18. Qg3 Bb6 19. Bh6 Nh5 20. Qg5 Qxh6 21. Qxh6 gxh6 22. Rac1 Bc5 23. Rfd1 Rfe8 24. Re1 Rd2 25. Nc3 Rxe1+ 26. Rxe1 Bxf2+ 27. Kf1 Bxe1 28. Kxe1 Rxg2 29. Nd5 c6 30. Nb4 Rxb2 31. a3 Nf4 32. Kd1 Rb3 33. Nc2 Nxh3 34. c5 Nf4 35. a4 h5 36. Ke1 h4 37. Kf2 Rb2 38. Kf3 Rxc2 39. Kxf4 Rc4+ 40. Kg5 h3 41. Kf6 h2 42. Ke7 h1Q 43. Kd8 Qd5+ 44. Kc8 Qe6+ 45. Kc7 Qe7+ 46. Kb8 Qd8+ 47. Kxb7 Rb4+ 48. Ka6 0-1

[Event "Sarajevo Bosna op 47th"]
[Site "Sarajevo"]
[Date "2017.05.13"]
[Round "1"]
[White "Babic, Masa"]
[Black "Mrndjic, Muamer"]
[Result "0-1"]
[WhiteElo "1653"]
[BlackElo "2199"]
[PlyCount "134"]
[EventDate "2017.05.13"]
[EventType "swiss"]
[EventRounds "9"]
[EventCountry "BIH"]
[SourceTitle "CBM 178 Extra"]
[Source "ChessBase"]
[SourceDate "2017.06.22"]
[SourceVersion "1"]
[SourceVersionDate "2017.06.22"]
[SourceQuality "1"]

1. e4 c5 2. Nf3 g6 3. d4 cxd4 4. Qxd4 Nf6 5. e5 Nc6 6. Qd1 Nxe5 7. Nxe5 Qa5+ 8. Nc3 Qxe5+ 9. Be2 Bg7 10. 0-0 0-0 11. Be3 Ne4 12. Nxe4 Qxe4 13. c3 Qc6 14. Bf3 Qc7 15. Re1 e6 16. Qd2 d5 17. Bh6 Bd7 18. Bxg7 Kxg7 19. Qd4+ f6 20. Rac1 Qb6 21. Qd2 Rad8 22. h3 Rfe8 23. b3 Bc6 24. Rcd1 e5 25. Qe3 Qxe3 26. fxe3 Kf7 27. Rd2 Rd7 28. Red1 Red8 29. Kf2 Ke7 30. g3 f5 31. g4 fxg4 32. Bxg4 Rd6 33. Bf3 Rf6 34. Kg2 Rfd6 35. Kf2 d4 36. exd4 Rf8 37. d5 e4 38. dxc6 Rxf3+ 39. Kg2 Rxd2+ 40. Rxd2 bxc6 41. c4 Ke6 42. c5 Rd3 43. Rxd3 exd3 44. Kf3 Kd5 45. Ke3 Kxc5 46. Kxd3 Kd5 47. a4 c5 48. Kc3 a5 49. Kd3 g5 50. Kc3 h5 51. Kd3 g4 52. hxg4 hxg4 53. Ke3 Ke5 54. Kf2 Kd4 55. Kg3 Kc3 56. Kxg4 Kxb3 57. Kf4 c4 58. Ke3 c3 59. Kd3 c2 60. Kd2 Kb2 61. Kd3 c1Q 62. Kd4 Qc6 63. Kd3 Qxa4 64. Ke3 Qb3+ 65. Ke4 a4 66. Kf4 a3 67. Ke4 a2 0-1